Otec "čínskeho Googlu"

Ako vznikol čínsky vyhľadávač Baidu. Zakladateľ čínskeho vyhľadávača - Robin Li. Cesta na vrchol. Konflikt Googlu s čínskou vládou. Získanie 75 percentného podielu na domácom trhu. Globálna expanzia.

Na minha lista:
Detalhes bibliográficos
Autor principal: Pressburg, Adrian Peter
Formato: Capítulo de Livro
Idioma:eslovaco
Assuntos:
Tags: Adicionar Tag
Sem tags, seja o primeiro a adicionar uma tag!

MARC

LEADER 00000naa a2200000 4500
001 0127868
005 20231113071020.9
041 0 |a slo 
044 |a SK 
245 1 0 |a Otec "čínskeho Googlu"  |c Adrian Peter Pressburg 
520 |a Ako vznikol čínsky vyhľadávač Baidu. Zakladateľ čínskeho vyhľadávača - Robin Li. Cesta na vrchol. Konflikt Googlu s čínskou vládou. Získanie 75 percentného podielu na domácom trhu. Globálna expanzia. 
610 2 0 |a internet 
610 2 0 |a počítače 
610 2 0 |a Čína 
100 1 |a Pressburg, Adrian Peter